102_ Personnalités nées un 12 avril par images - Statistiques

Statistiques générales
  • Ce quiz a été pris 34 fois
  • Le résultat moyen est 4 sur 9
Statistiques - réponses
Par images Hint Réponse % Correct
Humoriste Jérôme Commandeur
79%
Politicien Laurent Wauquiez
79%
Chanteur Jean-Louis Aubert
76%
Combattant de MMA Ciryl Gane
56%
Acteur Jean-Pierre Marielle
29%
Politicien Raymond Barre
24%
Actrice Shannen Doherty
18%
Actrice Jennifer Morrison
12%
Peintre Robert Delaunay
6%
Aucun quiz correspondant
Distribution des résultats
% des personnes avec chaque résultat
Percentile par nombre de réponses
Votre historique - résultats
Vous n’avez pas pris ce quiz